000 00504nam a2200169 a 4500
005 20140412111239.0
008 010710s19uu xx 00 eng d
020 _a1-85830-492-X
050 _aM 220
_bC187 1999
100 _aCampbell-Todd, Deborah
245 _aThe story of Moses /
_cstories re-told by Deborah Campbell-Todd.
260 _aLondon :
_bGrandreams Limited,
_c1999.
300 _a1v. (unp.) ; ill.
650 _aBible Stories-O.T.
650 _aBible Character, O. T.
999 _c102611
_d102611